<?xml version="1.0" encoding="UTF-8"?>
<record
    xmlns:xsi="http://www.w3.org/2001/XMLSchema-instance"
    xsi:schemaLocation="http://www.loc.gov/MARC21/slim http://www.loc.gov/standards/marcxml/schema/MARC21slim.xsd"
    xmlns="http://www.loc.gov/MARC21/slim">

  <leader>04338pam a2200337 i 4500</leader>
  <controlfield tag="001">017166123</controlfield>
  <controlfield tag="003">EG-ScBUE</controlfield>
  <controlfield tag="005">20260216105324.0</controlfield>
  <controlfield tag="008">150324s2015    ua abf f b    001 0 eng d</controlfield>
  <datafield tag="020" ind1=" " ind2=" ">
    <subfield code="a">9789774166952</subfield>
  </datafield>
  <datafield tag="040" ind1=" " ind2=" ">
    <subfield code="a">StDuBDS</subfield>
    <subfield code="b">eng</subfield>
    <subfield code="e">rda</subfield>
    <subfield code="c">StDuBDS</subfield>
    <subfield code="d">Uk</subfield>
    <subfield code="d">EG-ScBUE</subfield>
  </datafield>
  <datafield tag="082" ind1="0" ind2="4">
    <subfield code="a">362.870899274</subfield>
    <subfield code="2">22</subfield>
    <subfield code="b">GRE</subfield>
  </datafield>
  <datafield tag="100" ind1="1" ind2=" ">
    <subfield code="a">Gren, Nina,</subfield>
    <subfield code="d">1972-</subfield>
    <subfield code="e">author.</subfield>
  </datafield>
  <datafield tag="245" ind1="1" ind2="0">
    <subfield code="a">Occupied lives :</subfield>
    <subfield code="b">maintaining integrity in a Palestinian refugee camp in the West Bank /</subfield>
    <subfield code="c">Nina Gren.</subfield>
  </datafield>
  <datafield tag="264" ind1=" " ind2="1">
    <subfield code="a">Cairo :</subfield>
    <subfield code="b">The American University in Cairo Press,</subfield>
    <subfield code="c">2015.</subfield>
  </datafield>
  <datafield tag="300" ind1=" " ind2=" ">
    <subfield code="a">xxiii, 225 pages, 6 unnumbered pages of plates :</subfield>
    <subfield code="b">illustrations, maps ;</subfield>
    <subfield code="c">24 cm</subfield>
  </datafield>
  <datafield tag="336" ind1=" " ind2=" ">
    <subfield code="a">text</subfield>
    <subfield code="2">rdacontent</subfield>
    <subfield code="b">txt</subfield>
  </datafield>
  <datafield tag="337" ind1=" " ind2=" ">
    <subfield code="a">unmediated</subfield>
    <subfield code="2">rdamedia</subfield>
    <subfield code="b">n</subfield>
  </datafield>
  <datafield tag="338" ind1=" " ind2=" ">
    <subfield code="a">volume</subfield>
    <subfield code="2">rdacarrier</subfield>
    <subfield code="b">nc</subfield>
  </datafield>
  <datafield tag="504" ind1=" " ind2=" ">
    <subfield code="a">Includes bibliographical references (pages 205-218) and index.</subfield>
  </datafield>
  <datafield tag="505" ind1="0" ind2=" ">
    <subfield code="a">Introduction. Focus and purpose ; Being camp refugees under violent occupation ; Integrity and constrained agency ; Why a focus on everyday life? ; 'Normality' in a violent and prolonged refugee situation ; Social continuity : new homes and reestablished family lines ; A moral crisis on repeat ; Doing fieldwork in Dheisheh ; Overview of chapters -- Dheisheh as a social and political space. The order of things in Dheisheh ; The Bethlehem area ; The dynamica of lingering villages ; Earlier political affiliations and activism in Dheisheh ; Political disengagement at the time of fieldwork ; Concluding remarks -- Living with violence and insecurity. Experiencing ongoing crisis ; The presence of extraordinary deaths ; Extending the limits of normality ; Remaining patient and hopeful ; Negotiating trust ; Concluding remarks -- The making of new homes. To build a house is to make a life ; Imprisonment delaying life ; Children as normality, resistance, and recovery ; Reframing home to a political stage ; Getting by together ; Concluding remarks -- Reconstituting a moral order. A chain of catastrophic events ; The camp as a moral community ; Palextinian moral superiority and the immoral others ; Moral contamination ; A shaken political morality ; Concluding remarks -- Conclusion. Maintaing integrity in the face of violation ; Struggling against temporariness ; Having a life or being a true patriot? ; How may one remain a political subject? ; Existence and politics.</subfield>
  </datafield>
  <datafield tag="520" ind1="8" ind2=" ">
    <subfield code="a">Intense media coverage of the Israeli-Palestinian conflict does not necessarily enhance one's knowledge or understanding of the Palestinians; on the contrary they are more often than not reduced to either victims or perpetrators. Similarly, while many academic studies devote considerable effort to analyzing the political situation in the occupied territories, there have been few sophisticated case studies of Palestinian refugees living under Israeli rule. An ethnographic study of Palestinian refugees in Dheisheh refugee camp, just south of Bethlehem, Occupied Lives looks closely at the attempts of the camp inhabitants to survive and bounce back from the profound effects of political violence and Israeli military occupation on their daily lives. Based on the author's extensive fieldwork conducted inside the camp, this study examines the daily efforts of camp inhabitants to secure survival and meaning during the period of the al-Aqsa Intifada. It argues that the political developments and experiences of extensive violence at the time, which left most refugees outside of direct activism, caused many camp inhabitants to disengage from traditional forms of politics. Instead, they became involved in alternative practices aimed at maintaining their sense of social worth and integrity, by focusing on processes to establish a 'normal' order, social continuity, and morality. This book will be invaluable to scholars and students of social anthropology, sociology, international relations, refugee studies, religious studies, and Middle East studies, as well as to anyone with an interest in the Israel-Palestinian issue -- Book jacket.</subfield>
  </datafield>
  <datafield tag="610" ind1="2" ind2="7">
    <subfield code="a">Duhayshah (Refugee camp)</subfield>
    <subfield code="2">BUEsh</subfield>
  </datafield>
  <datafield tag="650" ind1=" " ind2="7">
    <subfield code="a">Refugees, Palestinian Arab</subfield>
    <subfield code="z">West Bank</subfield>
    <subfield code="x">Social conditions.</subfield>
    <subfield code="2">BUEsh</subfield>
  </datafield>
  <datafield tag="650" ind1=" " ind2="7">
    <subfield code="a">Refugee camps</subfield>
    <subfield code="z">West Bank.</subfield>
    <subfield code="2">BUEsh</subfield>
  </datafield>
  <datafield tag="650" ind1=" " ind2="7">
    <subfield code="a">Al-Aqsa Intifada, 2000-</subfield>
    <subfield code="2">BUEsh</subfield>
  </datafield>
  <datafield tag="653" ind1=" " ind2=" ">
    <subfield code="c">February2026</subfield>
    <subfield code="b">GGEN</subfield>
  </datafield>
  <datafield tag="655" ind1=" " ind2=" ">
    <subfield code="v">Reading book</subfield>
  </datafield>
  <datafield tag="942" ind1=" " ind2=" ">
    <subfield code="2">ddc</subfield>
    <subfield code="c">BB</subfield>
  </datafield>
  <datafield tag="999" ind1=" " ind2=" ">
    <subfield code="c">31141</subfield>
    <subfield code="d">31112</subfield>
  </datafield>
  <datafield tag="952" ind1=" " ind2=" ">
    <subfield code="0">0</subfield>
    <subfield code="1">0</subfield>
    <subfield code="2">ddc</subfield>
    <subfield code="4">0</subfield>
    <subfield code="7">0</subfield>
    <subfield code="8">AUC</subfield>
    <subfield code="a">MAIN</subfield>
    <subfield code="b">MAIN</subfield>
    <subfield code="c">1ST</subfield>
    <subfield code="d">2026-02-16</subfield>
    <subfield code="e">Purchase</subfield>
    <subfield code="g">455.00</subfield>
    <subfield code="l">0</subfield>
    <subfield code="o">362.870899274 GRE</subfield>
    <subfield code="p">000057549</subfield>
    <subfield code="r">2026-02-16 00:00:00</subfield>
    <subfield code="v">568.00</subfield>
    <subfield code="w">2026-02-16</subfield>
    <subfield code="y">BB</subfield>
  </datafield>
</record>
